000 00853nas a2200277 4500
001 BR8200482
003 BR-BrBNA
005 20231205085007.0
007 ta
008 230509b bl.|||p| |||| 00| 00por d
040 _aBR-BrBNA
_bpor
_cBiblioteca Nacional de Agricultura
041 _a(Pt)
072 _aF60
100 1 _aOliveira, S.A. de
245 1 _aMetodo colorimetrico para a determinacao de nitrogenio em plantas
246 1 _aColorimetric method for determining plant nitrogen
650 _aNutricao vegetal
650 _aNitrogenio
650 _aPlanta
650 _aAnalise quimica
650 _aAnalise fisica
650 _aColorimetria
773 0 _tPesquisa Agropecuaria Brasileira (Brazil)
_xISSN 0100-204X
_g(Sep 1981), v. 16(5) p. 645-649
_wBR8200482
909 _a202311
_bLúcia
_c55
_dLúcia Elande
942 _2AGRIS
_n0
_cANA
999 _c108578
_d108578